Effectif de l'ASM - Saison 2024-2025 - Statistiques

Statistiques générales
  • Ce quiz a été pris 208 fois
  • Le résultat moyen est 28 sur 40
Statistiques - réponses
Postes Joueurs Nationalité Points % Correct
demi de mêlée Baptiste Jauneau France -
93%
demi d'ouverture Anthony Belleau France 24
90%
demi d'ouverture Benjamin Urdapilleta Argentine 12
90%
demi de mêlée Sébastien Bézy France -
90%
ailier Alivereti Raka France -
89%
ailier Bautista Delguy Argentine -
87%
centre George Moala Tonga -
87%
3ème ligne Marcos Kremer Argentine -
85%
3ème ligne Peceli Yato Fidji -
85%
arrière Alex Newsome Australie 5
84%
centre Léon Darricarrère France -
84%
Talonneur Etienne Fourcade France 5
83%
3ème ligne Fritz Lee Samoa -
83%
Talonneur Barnabé Massa France -
82%
3ème ligne Kilian Tixeront France 5
80%
Pilier Régis Montagne France -
79%
2ème ligne Thibaud Lanen France -
78%
2ème ligne Rob Simmons Australie 5
76%
2ème ligne Thomas Ceyte France 5
76%
Pilier Cristian Ojovan Moldavie -
74%
3ème ligne Alexandre Fischer France -
73%
Pilier Etienne Falgoux France -
73%
centre Irae Simone Australie -
72%
ailier Lucas Tauzin France -
72%
3ème ligne Pita Gus Sowakula Nouvelle-zélande -
71%
arrière Kylan Hamdaoui France -
69%
arrière Joris Jurand France 5
67%
Talonneur Folau Fainga'a Australie 5
65%
centre Pierre Fouyssac France -
64%
Pilier Giorgi Akhaladze Géorgie 10
61%
Pilier Michael Alaalatoa Samoa -
55%
demi de mêlée Enzo Sanga France -
52%
Pilier Sacha Lotrian France -
52%
2ème ligne Oskar Rixen Allemagne -
49%
ailier Yerim Fall France -
49%
3ème ligne Lucas Dessaigne France -
48%
demi d'ouverture Théo Giral France -
45%
3ème ligne Anthime Hemery France -
40%
Pilier Thomas Duchene France -
25%
2ème ligne Samuel M'foudi France -
14%
Aucun quiz correspondant
Distribution des résultats
% des personnes avec chaque résultat
Percentile par nombre de réponses
Votre historique - résultats
Vous n’avez pas pris ce quiz